Statistics for All Time Premier League Table

Click here to take the quiz!

General Stats

  • This quiz has been taken 93 times
  • The average score is 17 of 20

Answer Stats

Answer% Correct
Arsenal
100%
Manchester United
100%
Chelsea
99%
Manchester City
99%
Liverpool
98%
Tottenham Hotspur
98%
Everton
95%
Newcastle United
90%
Aston Villa
87%
West Ham United
84%
Leeds United
81%
Sunderland
80%
Southampton
80%
Fulham
80%
Blackburn Rovers
76%
West Bromwich Albion
75%
Stoke City
75%
Leicester City
67%
Middlesbrough
65%
Bolton Wanderers
60%

Score Distribution

Percentile by Number Answered

Percent of People with Each Score

Your Score History

You have not taken this quiz